000 00350nam a2200157Ia 4500
100 _aAtkinson/Frank
650 _atime management
942 _cBK
366 _f28
654 _atime management
245 _aSuccessful time management
260 _bJaico Publishing House
_c2015
082 _bATK
546 _aENGLISH
_cComputers
999 _c33100
_d33100